Doping in sports / (Record no. 141145)

MARC details
000 -LEADER
fixed length control field 00610nam a22001937a 4500
005 - DATE AND TIME OF LATEST TRANSACTION
control field 20170615160055.0
010 ## - LCCN (DPL NO)
LC control number ENG-118667
020 ## - INTERNATIONAL STANDARD BOOK NUMBER
International Standard Book Number 9789385494161
Terms of availability 1699.00
035 ## - SYSTEM CONTROL NUMBER
System control number EN-102199
037 ## - SOURCE OF ACQUISITION
Source of stock number/acquisition DBAD/PUB
082 ## - DEWEY DECIMAL CLASSIFICATION NUMBER
Classification number 362.29088796
245 ## - TITLE STATEMENT
Title Doping in sports /
Statement of responsibility, etc Edited by Niraj kumar singh
260 ## - PUBLICATION, DISTRIBUTION, ETC. (IMPRINT)
Place of publication, distribution, etc New Delhi
Name of publisher, distributor, etc Falguni publisher & distributors
Date of publication, distribution, etc 2016
270 ## - ADDRESS
Address 204, 2n d floor, durga complex, csc, Mayur vihar-II
City New Delhi
Postal code 110092
300 ## - PHYSICAL DESCRIPTION
Extent 256p
Dimensions 22cm(Hb)
500 ## - GENERAL NOTE
General note Includes index
700 ## - ADDED ENTRY--PERSONAL NAME
Personal name sINGH, Niraj Kumar
942 ## - ADDED ENTRY ELEMENTS (KOHA)
Source of classification or shelving scheme Dewey Decimal Classification
Item type English Books
Classification part 362.29088796
Call number suffix DOP
Holdings
Withdrawn status Lost status Not for loan Collection code Home library Current library Date acquired Source of acquisition Cost, normal purchase price Full call number Barcode Copy number Cost, replacement price Koha item type
    Not For Loan Non-fiction D.B.Act.Division Bawana 15/06/2017 DBAD/PUB 1699.00 362.29088796 DOP EN-102199 1 1699.00 English Books

© Delhi Public Library
Hit Counter
free hit counter